| 000 | 00466nam a2200169Ia 4500 | ||
|---|---|---|---|
| 001 | 62386 | ||
| 008 | 170905n ii |||gr||||Z||||||465 | ||
| 020 | _a81-7824-343-1 | ||
| 082 | _a954.16203 | ||
| 100 |
_aSharma, Jayeeta, _d, _eAuthor. |
||
| 245 | 0 |
_^" _aEmpire``, Empire`s Garden _cJayeeta Sharma _hTextual Documents" |
|
| 260 |
_aRanikhet _bPermanent Black |
||
| 300 |
_a324p: _bill; _c22cm. |
||
| 653 | _aIndian History | ||
| 653 | _aG - History | ||
| 942 |
_2ddc _cBK |
||
| 999 |
_c63493 _d63493 |
||